000 00591nam a22001815i 4500
001 54493
003 ES-MaACL
005 20230906162949.0
007 t|
008 960726s1872 fr ||||1| fre d
040 _aCAM
_bspa
_cCAM
100 1 _aFournié, Edouard.
_951970
245 1 0 _aPhysiologie du système nerveux cérebro-spinal d'aprés l'analyse physiologique des mouvements de la vie /
_cpar Edouard Fournié.
260 _aParis :
_bAdrien Delahaye,
_c1872 (
_fA. Hennuyer)
300 _aXV, 832 p. ;
_c25 cm.
650 0 4 _aNeurofisiología.
_915528
852 _aES-MaACL
_jB-1832
999 _c54493
_d54493